Top 20 Fastest Fifa 22 Players - Statistics

General Stats
  • This quiz has been taken 121 times
  • The average score is 6 of 20
Answer Stats
Hint Answer % Correct
97 Pace, PSG Mbappe
99%
96 Pace, Bayern Munich Davies
85%
95 Pace, PSG Hakimi
69%
96 Pace, Wolves Adama Traore
65%
95 Pace, Real Madrid Vinicius Jr
43%
94 Pace, A.C. Milan Hernandez
41%
95 Pace, Leeds United James
36%
94 Pace, Athletic Club de Bilbao Williams
36%
94 Pace, Bayern Leverkusen Diaby
35%
94 Pace, Watford Sarr
35%
94 Pace, Benefica Rafa
30%
94 Pace, VFL Bochum Holtmann
15%
94 Pace, Besiktas Nkoudou
9%
94 Pace, Preston North End Barkhuizen
8%
94 Pace, Boca Juinors Villa
7%
94 Pace, Shenzhen FC Acheampong
6%
94 Pace, Hannover 96 Maina
6%
94 Pace, CSKA Moscow Ejuke
4%
94 Pace, Avispa Fukuoka Kanamori
4%
94 Pace, Sanfrecce Hiroshima Rhayner
3%
No matching quizzes found
Score Distribution
Percent of People with Each Score
Percentile by Number Answered
Your Score History
You have not taken this quiz